header

A nuclear winter's tale (Record no. 160866)

MARC details
000 -LEADER
fixed length control field 01370nam a2200325Ia 4500
100 1# - MAIN ENTRY--AUTHOR NAME
Personal name Badash, Lawrence.
245 12 - TITLE STATEMENT
Title A nuclear winter's tale
260 ## - PUBLICATION, DISTRIBUTION, ETC. (IMPRINT)
Place of publication Cambridge, MA :
Name of publisher MIT Press,
Year of publication c2009.
300 ## - PHYSICAL DESCRIPTION
Number of Pages xiii, 403 p.
490 0# - SERIES STATEMENT
Series statement Transformations, studies in the history of science and technology
650 #0 - SUBJECT ADDED ENTRY--TOPICAL TERM
Topical Term Radioactivity
Topical Term Climatic changes
Topical Term Science
Topical Term Science and state
856 40 - ELECTRONIC LOCATION AND ACCESS
Uniform Resource Identifier http://site.ebrary.com/lib/rucke/Doc?id=10326199

No items available.

© 2026 Rongo University
Contact us: librarian | system librarian | Rongo university